[Event "World ol U16"]
[Site "Denizli"]
[Date "2003.08.09"]
[Round "8"]
[White "Boros, Denes"]
[Black "Ishmukhametov, Ahmet"]
[Result "1-0"]
[WhiteElo "2334"]
[BlackElo "2122"]
[PlyCount "56"]
[EventDate "2003.08.02"]
[EventType "team-swiss"]
[EventRounds "10"]
[EventCountry "TUR"]
[SourceTitle "CBM 095 Extra"]
[Source "ChessBase"]
[SourceDate "2003.09.04"]
[SourceVersion "1"]
[SourceVersionDate "2003.09.04"]
[SourceQuality "1"]

1. e4 c5 2. Nf3 d6 3. d4 cxd4 4. Nxd4 Nf6 5. Nc3 Nc6 6. Bg5 e6 7. Qd2 Be7 8. 0-0-0 0-0 9. f3 a6 10. h4 Nxd4 11. Qxd4 Qa5 12. Kb1 Rd8 13. Qd2 Qc7 14. Bd3 b5 15. Ne2 e5 16. g4 Be6 17. Nc3 b4 18. Nd5 Nxd5 19. exd5 Bxd5 20. Bxh7+ Kxh7 21. Qxd5 Kg8 22. f4 exf4 23. Rde1 Bxg5 24. hxg5 Qc5 25. Qe4 g6 26. Qxf4 f5 27. gxf6 g5 28. Qe4 Qc7 1-0

[Event "World ol U16"]
[Site "Denizli"]
[Date "2003.08.06"]
[Round "4"]
[White "Ishmukhametov, Ahmet"]
[Black "Lysyj, Igor"]
[Result "0-1"]
[WhiteElo "2122"]
[BlackElo "2490"]
[PlyCount "68"]
[EventDate "2003.08.02"]
[EventType "team-swiss"]
[EventRounds "10"]
[EventCountry "TUR"]
[SourceTitle "CBM 095 Extra"]
[Source "ChessBase"]
[SourceDate "2003.09.04"]
[SourceVersion "1"]
[SourceVersionDate "2003.09.04"]
[SourceQuality "1"]

1. e4 e6 2. d4 d5 3. Nc3 Bb4 4. Qd3 dxe4 5. Qxe4 Nf6 6. Qh4 Qd5 7. Bd2 Bxc3 8. bxc3 Qe4+ 9. Qxe4 Nxe4 10. Bf4 Nxc3 11. Bxc7 Nc6 12. Bd3 0-0 13. Nf3 Nb4 14. Kd2 Nxd3 15. Kxd3 Nd5 16. Bg3 b6 17. c4 Ba6 18. Rhc1 Rac8 19. a3 Rfd8 20. Rc2 Ne7 21. Rb1 Nf5 22. Bf4 Bb7 23. Be3 Nd6 24. Nd2 Bxg2 25. Ke2 Nf5 26. Rg1 Bc6 27. Kd3 Bb7 28. Nb3 Ba6 29. a4 e5 30. Bg5 Rd6 31. d5 Rg6 32. f3 f6 33. Nd2 fxg5 34. Ke4 Nd4 0-1